[Event "TUR-chT 1st League"]
[Site "Konya"]
[Date "2018.07.22"]
[Round "9.4"]
[White "Yagiz, Yasin Emrah"]
[Black "Yalim, Suleyman"]
[Result "1-0"]
[WhiteElo "2199"]
[BlackElo "2030"]
[PlyCount "76"]
[EventDate "2018.07.16"]
[EventType "team-swiss"]
[EventRounds "9"]
[EventCountry "TUR"]
[SourceTitle "EXT 2019"]
[Source "ChessBase"]
[SourceDate "2018.10.10"]
[SourceVersion "1"]
[SourceVersionDate "2018.10.10"]
[SourceQuality "1"]
[WhiteTeam "Bulancak Ihsaniye Genclik"]
[BlackTeam "Malatya Yesilyurt"]
[WhiteTeamCountry "TUR"]
[BlackTeamCountry "TUR"]

1. Nf3 Nf6 2. c4 e6 3. g3 d5 4. Bg2 c6 5. b3 Nbd7 6. Bb2 Bd6 7. 0-0 0-0 8. d3 Qe7 9. Qc2 a6 10. e4 dxe4 11. dxe4 e5 12. Nh4 g6 13. a3 a5 14. h3 Nh5 15. Nd2 Rd8 16. Nhf3 Nf8 17. Kh2 f6 18. Rfd1 Be6 19. Nf1 Bc5 20. Rxd8 Rxd8 21. Ne3 Bc8 22. Bc3 b6 23. Qb2 Ne6 24. b4 axb4 25. axb4 Bd4 26. Bxd4 exd4 27. Nd5 cxd5 28. exd5 Ng5 29. Nxd4 Qe5 30. Ra8 f5 31. Qd2 f4 32. Nc6 fxg3+ 33. Kh1 Qf6 34. fxg3 Nxg3+ 35. Kg1 Rf8 36. d6 Bxh3 37. Rxf8+ Kxf8 38. Qf2 Qxf2+ 1-0

[Event "TUR-chT 1st League"]
[Site "Konya"]
[Date "2018.07.17"]
[Round "3.5"]
[White "Vetoshko, Volodymyr"]
[Black "Yalim, Suleyman"]
[Result "1-0"]
[WhiteElo "2521"]
[BlackElo "2030"]
[PlyCount "51"]
[EventDate "2018.07.16"]
[EventType "team-swiss"]
[EventRounds "9"]
[EventCountry "TUR"]
[SourceTitle "EXT 2019"]
[Source "ChessBase"]
[SourceDate "2018.10.10"]
[SourceVersion "1"]
[SourceVersionDate "2018.10.10"]
[SourceQuality "1"]
[WhiteTeam "Berk Tugra Caliskan"]
[BlackTeam "Malatya Yesilyurt"]
[WhiteTeamCountry "TUR"]
[BlackTeamCountry "TUR"]

1. e4 c5 2. Nf3 d6 3. d4 cxd4 4. Nxd4 Nf6 5. Nc3 g6 6. Be3 Bg7 7. f3 0-0 8. Qd2 Nc6 9. Bc4 Bd7 10. 0-0-0 Rc8 11. Bb5 Ne5 12. Kb1 Nc4 13. Bxc4 Rxc4 14. g4 b5 15. b3 Rc5 16. Ne6 fxe6 17. Bxc5 dxc5 18. e5 Qa8 19. exf6 Bxf6 20. Qxd7 Bxc3 21. Qxe6+ Rf7 22. h4 Kg7 23. h5 Qxf3 24. h6+ Kh8 25. Rd8+ Rf8 26. Rhd1 1-0

[Event "TUR-chT 2nd League"]
[Site "Konya"]
[Date "2017.07.18"]
[Round "3.1"]
[White "Yalim, Suleyman"]
[Black "Akca, Gani Eren"]
[Result "0-1"]
[WhiteElo "2039"]
[BlackElo "2158"]
[PlyCount "64"]
[EventDate "2017.07.17"]
[EventType "team-swiss"]
[EventRounds "9"]
[EventCountry "TUR"]
[SourceTitle "CBM 179 Extra"]
[Source "ChessBase"]
[SourceDate "2017.08.23"]
[SourceVersion "1"]
[SourceVersionDate "2017.08.23"]
[SourceQuality "1"]
[WhiteTeam "Malatya Yesilyurt"]
[BlackTeam "Istanbul Moda"]
[WhiteTeamCountry "TUR"]
[BlackTeamCountry "TUR"]

1. e4 e5 2. Nf3 Nc6 3. Bb5 a6 4. Ba4 Nf6 5. 0-0 Be7 6. Re1 b5 7. Bb3 d6 8. c3 0-0 9. h3 Bb7 10. d4 Re8 11. Ng5 Rf8 12. Nf3 h6 13. Nbd2 Re8 14. Nf1 Bf8 15. Ng3 Na5 16. Bc2 Nc4 17. a4 d5 18. axb5 axb5 19. Rxa8 Qxa8 20. dxe5 Nxe4 21. Nf5 Qa6 22. N5d4 c5 23. Nb3 Qa2 24. Re2 Qa8 25. Nbd2 Nexd2 26. Bxd2 d4 27. e6 fxe6 28. Bf4 Nxb2 29. Qb1 Bxf3 30. Bh7+ Kh8 31. Qg6 Bxe2 32. Be5 Bd3 0-1

[Event "TUR-chT 2nd League"]
[Site "Konya"]
[Date "2017.07.17"]
[Round "1.6"]
[White "Yalim, Suleyman"]
[Black "Oner, Oguz"]
[Result "1-0"]
[WhiteElo "2039"]
[BlackElo "1861"]
[PlyCount "63"]
[EventDate "2017.07.17"]
[EventType "team-swiss"]
[EventRounds "9"]
[EventCountry "TUR"]
[SourceTitle "CBM 179 Extra"]
[Source "ChessBase"]
[SourceDate "2017.08.23"]
[SourceVersion "1"]
[SourceVersionDate "2017.08.23"]
[SourceQuality "1"]
[WhiteTeam "Malatya Yesilyurt"]
[BlackTeam "Eskiseh Tasci"]
[WhiteTeamCountry "TUR"]
[BlackTeamCountry "TUR"]

1. e4 e5 2. Nf3 Nc6 3. Bb5 a6 4. Ba4 Nf6 5. 0-0 Be7 6. Re1 b5 7. Bb3 0-0 8. d4 exd4 9. e5 Ne8 10. Nxd4 Nxd4 11. Qxd4 c5 12. Qe4 Rb8 13. c3 Bb7 14. Qg4 d5 15. exd6 Bxd6 16. Bg5 Qc7 17. Nd2 Bxh2+ 18. Kh1 Be5 19. Rad1 Nf6 20. Qf5 Rfe8 21. Nf3 g6 22. Qh3 Ne4 23. Qh4 Bg3 24. fxg3 Nf2+ 25. Kg1 Nxd1 26. Rxd1 Bxf3 27. gxf3 c4 28. Bc2 Re2 29. Be4 Qc5+ 30. Rd4 Rxb2 31. Bh6 Qh5 32. Rd8+ 1-0

[Event "TUR-chT2"]
[Site "Konya"]
[Date "2016.07.19"]
[Round "5.9"]
[White "Kjartansson, Gudmundur"]
[Black "Yalim, Suleyman"]
[Result "1-0"]
[WhiteElo "2442"]
[BlackElo "2053"]
[PlyCount "81"]
[EventDate "2016.07.17"]
[EventType "team-swiss"]
[EventRounds "9"]
[EventCountry "TUR"]
[SourceTitle "CBM 173 Extra"]
[Source "ChessBase"]
[SourceDate "2016.08.29"]
[SourceVersion "1"]
[SourceVersionDate "2016.08.29"]
[SourceQuality "1"]
[WhiteTeam "Karaman Saglik"]
[BlackTeam "Gaziantep Sader"]
[WhiteTeamCountry "TUR"]
[BlackTeamCountry "TUR"]

1. Nf3 Nf6 2. c4 g6 3. g3 Bg7 4. Bg2 0-0 5. 0-0 d6 6. d4 Nbd7 7. Nc3 e5 8. Qc2 c6 9. Rd1 Qc7 10. e4 Re8 11. h3 a5 12. d5 Bf8 13. Bg5 h6 14. Be3 Nc5 15. Ne1 cxd5 16. cxd5 Bd7 17. Bf1 Rec8 18. f3 Kh7 19. Nb5 Qd8 20. Qd2 a4 21. Na3 Ne8 22. Nd3 Nxd3 23. Qxd3 Be7 24. Nc4 Bb5 25. Rdc1 h5 26. Qd2 Bxc4 27. Bxc4 h4 28. g4 Qd7 29. Bd3 Qd8 30. Rxc8 Rxc8 31. Bb5 Ra8 32. Rc1 Ng7 33. a3 Kg8 34. Rc4 Ra5 35. Rb4 f5 36. Bxa4 Qc8 37. Bb5 Ra8 38. Rc4 Qd8 39. Qc1 f4 40. Bf2 Qa5 41. a4 1-0

[Event "TUR-chT2"]
[Site "Konya"]
[Date "2014.06.26"]
[Round "6.10"]
[White "Tezcan, Emre"]
[Black "Yalim, Suleyman"]
[Result "1-0"]
[WhiteElo "2059"]
[BlackElo "2070"]
[PlyCount "54"]
[EventDate "2014.06.23"]
[EventType "team-swiss"]
[EventRounds "9"]
[EventCountry "TUR"]
[SourceTitle "CBM 161 Extra"]
[Source "ChessBase"]
[SourceDate "2014.08.29"]
[SourceVersion "1"]
[SourceVersionDate "2014.08.29"]
[SourceQuality "1"]
[WhiteTeam "Azdur Ordu"]
[BlackTeam "Sader"]
[WhiteTeamCountry "TUR"]
[BlackTeamCountry "TUR"]

1. e4 c5 2. Nf3 d6 3. d4 cxd4 4. Nxd4 Nf6 5. Nc3 g6 6. Be3 Bg7 7. f3 0-0 8. Qd2 Nc6 9. Bc4 Bd7 10. 0-0-0 Rc8 11. Bb3 Ne5 12. h4 Nc4 13. Bxc4 Rxc4 14. g4 b5 15. h5 b4 16. Nce2 Qa5 17. Kb1 Rfc8 18. hxg6 fxg6 19. Rc1 Bxg4 20. Nb3 Qe5 21. Bd4 Rxd4 22. Nexd4 Bxf3 23. Nxf3 Qxe4 24. Qd1 Qc4 25. Rh4 Qc7 26. Qe2 Kh8 27. Ng5 h5 1-0

[Event "TUR-chT2"]
[Site "Konya"]
[Date "2011.07.10"]
[Round "9"]
[White "Yalim, Suleyman"]
[Black "Polatel, Ali"]
[Result "0-1"]
[WhiteElo "2129"]
[BlackElo "2131"]
[PlyCount "98"]
[EventDate "2011.07.04"]
[EventType "team-swiss"]
[EventRounds "9"]
[EventCountry "TUR"]
[SourceTitle "CBM 143 Extra"]
[Source "ChessBase"]
[SourceDate "2011.08.29"]
[SourceVersion "1"]
[SourceVersionDate "2011.08.29"]
[SourceQuality "1"]
[WhiteTeam "Kahramanmaras Belediye"]
[BlackTeam "Er Bakir"]
[WhiteTeamCountry "TUR"]
[BlackTeamCountry "TUR"]

1. e4 c5 2. Nf3 Nc6 3. d4 cxd4 4. Nxd4 Nf6 5. Nc3 d6 6. Be2 e5 7. Nf3 h6 8. 0-0 Be7 9. Re1 0-0 10. h3 Be6 11. Bf1 Rc8 12. Nd5 Bxd5 13. exd5 Nb4 14. c4 a5 15. a3 Na6 16. Rb1 Nd7 17. Bd2 Re8 18. Qa4 Nb6 19. Qb5 Rc5 20. Qb3 a4 21. Qa2 Nd7 22. b4 axb3 23. Qxb3 b6 24. Qa4 Qc8 25. Rb5 Rc7 26. Reb1 Nac5 27. Qc2 Ra7 28. Bb4 Bf6 29. Nd2 e4 30. Bxc5 Nxc5 31. Rxb6 Be5 32. Nxe4 Nxe4 33. Rb8 Qxb8 34. Rxb8 Rxb8 35. Qxe4 Rxa3 36. f4 Bf6 37. Be2 Bh4 38. Bd3 g6 39. f5 Bg3 40. Qf3 Ra1+ 41. Bf1 Rbb1 42. fxg6 Rxf1+ 43. Qxf1 Rxf1+ 44. Kxf1 fxg6 45. Ke2 Kf7 46. Kf3 Be1 47. Ke4 Bb4 48. Kf4 Kf6 49. h4 Be1 0-1

[Event "TUR-ch"]
[Site "Kemer"]
[Date "2011.02.07"]
[Round "4"]
[White "Esen, Baris"]
[Black "Yalim, Suleyman"]
[Result "1-0"]
[WhiteElo "2533"]
[BlackElo "2123"]
[PlyCount "109"]
[EventDate "2011.02.05"]
[EventType "swiss"]
[EventRounds "10"]
[EventCountry "TUR"]
[SourceTitle "CBM 140 Extra"]
[Source "ChessBase"]
[SourceDate "2011.03.01"]
[SourceVersion "1"]
[SourceVersionDate "2011.03.01"]
[SourceQuality "1"]

1. d4 Nf6 2. c4 g6 3. Nf3 Bg7 4. g3 0-0 5. Bg2 c6 6. 0-0 d5 7. b3 Bf5 8. Bb2 Nbd7 9. e3 h5 10. Qe2 Re8 11. Rc1 a6 12. Nbd2 Bh6 13. Ne5 Nf8 14. Rd1 Bc2 15. Re1 Bf5 16. Red1 Bc2 17. Rf1 Bf5 18. e4 dxe4 19. Nxe4 Nxe4 20. Bxe4 Bxe4 21. Qxe4 Bg7 22. Rfe1 Nd7 23. Nf3 Nf6 24. Qc2 e6 25. Rad1 Qc7 26. Bc1 Qa5 27. Bf4 Qf5 28. Qe2 Rac8 29. Be5 g5 30. h4 g4 31. Nd2 Red8 32. Nf1 Rd7 33. Ne3 Qe4 34. Qf1 Qg6 35. c5 Ne8 36. Nc4 Rcd8 37. Nb6 Rxd4 38. Bxd4 Rxd4 39. Qe2 Nc7 40. Qe3 Nb5 41. a4 Rxd1 42. Rxd1 Nc3 43. Rd8+ Kh7 44. Rd7 Qf5 45. Nc4 e5 46. Rxb7 Nd1 47. Qd2 Qf3 48. Rd7 Nc3 49. Qd3+ Qxd3 50. Rxd3 Ne2+ 51. Kf1 Nd4 52. b4 Kg6 53. Rxd4 exd4 54. b5 axb5 55. axb5 1-0

[Event "TUR-ch"]
[Site "Kemer"]
[Date "2011.02.06"]
[Round "2"]
[White "Yalim, Suleyman"]
[Black "Koksal, Recep"]
[Result "1-0"]
[WhiteElo "2123"]
[BlackElo "1902"]
[PlyCount "71"]
[EventDate "2011.02.05"]
[EventType "swiss"]
[EventRounds "10"]
[EventCountry "TUR"]
[SourceTitle "CBM 140 Extra"]
[Source "ChessBase"]
[SourceDate "2011.03.01"]
[SourceVersion "1"]
[SourceVersionDate "2011.03.01"]
[SourceQuality "1"]

1. e4 e5 2. Nf3 Nf6 3. Nxe5 Qe7 4. d4 Nc6 5. Nc3 Nxe5 6. dxe5 Qxe5 7. Bd3 Bb4 8. Bd2 0-0 9. 0-0 d6 10. f4 Qe7 11. Qf3 Bd7 12. Kh1 Bc6 13. Rae1 Rfe8 14. Nd5 Bxd5 15. exd5 Bxd2 16. Rxe7 Rxe7 17. Rd1 Ba5 18. g4 Rae8 19. Qh3 Re3 20. Qh4 Be1 21. Rxe1 Rxe1+ 22. Kg2 h5 23. gxh5 Nxd5 24. h6 Ne3+ 25. Kf3 Rg1 26. h7+ Kh8 27. h3 Nd1 28. f5 f6 29. Qc4 Kxh7 30. Qh4+ Kg8 31. Bc4+ d5 32. Bxd5+ Kf8 33. Be6 c5 34. Qh5 Rxe6 35. fxe6 Ke7 36. Qf7+ 1-0

[Event "Antakya op"]
[Site "Antakya"]
[Date "2010.07.18"]
[Round "6"]
[White "Annaberdiev, Meilis"]
[Black "Yalim, Suleyman"]
[Result "1/2-1/2"]
[WhiteElo "2476"]
[BlackElo "2121"]
[PlyCount "95"]
[EventDate "2010.07.15"]
[EventType "swiss"]
[EventRounds "9"]
[EventCountry "TUR"]
[SourceTitle "CBM 137 Extra"]
[Source "ChessBase"]
[SourceDate "2010.09.01"]
[SourceVersion "1"]
[SourceVersionDate "2010.09.01"]
[SourceQuality "1"]

1. d4 Nf6 2. Nf3 g6 3. c4 Bg7 4. g3 c6 5. Bg2 d5 6. 0-0 0-0 7. Ne5 Be6 8. cxd5 cxd5 9. Nc3 Nbd7 10. Nd3 Re8 11. Nf4 Nf8 12. Qb3 Qd7 13. Rd1 Red8 14. Be3 h6 15. Rac1 g5 16. Nxe6 Nxe6 17. h3 b6 18. Rc2 Rac8 19. Nxd5 Rxc2 20. Nxf6+ Bxf6 21. Qxc2 Bxd4 22. Qe4 Qa4 23. Rd3 Qb4 24. Rd2 Qc5 25. Rc2 Qe5 26. Qxe5 Bxe5 27. Be4 Bd4 28. Bc1 Nc5 29. Bf3 Rd7 30. Kg2 Ne6 31. Rc8+ Rd8 32. Rc6 Rd7 33. Rc8+ Rd8 34. Rc4 b5 35. Rb4 Rc8 36. Be3 Bxe3 37. fxe3 Rc5 38. a4 bxa4 39. Rxa4 a5 40. Bg4 Nc7 41. Bf3 e6 42. b4 axb4 43. Rxb4 Kg7 44. Kf2 Nd5 45. Rb7 Nf6 46. Ra7 Re5 47. Rb7 Ne4+ 48. Bxe4 1/2-1/2

[Event "Antakya op"]
[Site "Antakya"]
[Date "2010.07.17"]
[Round "5"]
[White "Yalim, Suleyman"]
[Black "Guliev, Logman"]
[Result "1-0"]
[WhiteElo "2121"]
[BlackElo "2437"]
[PlyCount "83"]
[EventDate "2010.07.15"]
[EventType "swiss"]
[EventRounds "9"]
[EventCountry "TUR"]
[SourceTitle "CBM 137 Extra"]
[Source "ChessBase"]
[SourceDate "2010.09.01"]
[SourceVersion "1"]
[SourceVersionDate "2010.09.01"]
[SourceQuality "1"]

1. e4 c5 2. Nf3 Nc6 3. d4 cxd4 4. Nxd4 Nf6 5. Nc3 d6 6. Be2 e5 7. Nf3 h6 8. h3 Be7 9. Be3 a6 10. a4 Be6 11. 0-0 0-0 12. Nd2 Na5 13. Kh1 Rc8 14. f4 exf4 15. Bxf4 d5 16. e5 Nd7 17. Nf3 Nc4 18. Nxd5 Nxb2 19. Nxe7+ Qxe7 20. Qb1 Qb4 21. Bd2 Qb6 22. a5 Qc7 23. Qxb2 Nc5 24. Bb4 Rfd8 25. Bxc5 Qxc5 26. Rfd1 Qf2 27. Ng1 Bd5 28. Rxd5 Rxd5 29. Qxb7 Qc5 30. Qxa6 Rxe5 31. Bf3 Rce8 32. Qf1 Qa7 33. a6 Rf5 34. c3 Re6 35. Qd3 Rff6 36. Bb7 Rd6 37. Qc4 g5 38. Nf3 Rf4 39. Nd4 g4 40. hxg4 h5 41. Qc8+ Kh7 42. Qc7 1-0

[Event "Agana op"]
[Site "Agana"]
[Date "2007.11.08"]
[Round "8"]
[White "Guliev, Logman"]
[Black "Yalim, Suleyman"]
[Result "1-0"]
[WhiteElo "2442"]
[BlackElo "2131"]
[PlyCount "87"]
[EventDate "2007.11.02"]
[EventType "swiss"]
[EventRounds "9"]
[EventCountry "TUR"]
[SourceTitle "CBM 121 Extra"]
[Source "ChessBase"]
[SourceDate "2008.01.10"]
[SourceVersion "1"]
[SourceVersionDate "2008.01.10"]
[SourceQuality "1"]

1. e4 c5 2. Nf3 d6 3. d4 cxd4 4. Nxd4 Nf6 5. Nc3 g6 6. Bc4 Bg7 7. 0-0 0-0 8. Re1 Nc6 9. Nb3 Ne5 10. Bf1 Be6 11. Nd5 Rc8 12. Bg5 Bxd5 13. exd5 Re8 14. c3 a6 15. Rc1 h6 16. Bh4 Nc4 17. Nd2 Nxd2 18. Qxd2 Qa5 19. Bxf6 Bxf6 20. b4 Qb6 21. Rc2 a5 22. Re4 Kg7 23. a4 Rc7 24. b5 Qc5 25. h4 h5 26. c4 b6 27. Qd3 Rcc8 28. Rce2 Qc7 29. R2e3 Rb8 30. g4 hxg4 31. Rxg4 Rh8 32. Reg3 Rbg8 33. h5 g5 34. Rh3 Kh6 35. Qe4 Qc5 36. Kg2 Qb4 37. Qe3 Qc5 38. Qd3 Rg7 39. Rf3 Be5 40. Rxf7 Rhg8 41. Rxg7 Rxg7 42. Qf5 Qa3 43. Bd3 Qb2 44. Qf8 1-0

[Event "Agana op"]
[Site "Agana"]
[Date "2007.11.06"]
[Round "6"]
[White "Yilmaz, Turhan"]
[Black "Yalim, Suleyman"]
[Result "1-0"]
[WhiteElo "2330"]
[BlackElo "2131"]
[PlyCount "81"]
[EventDate "2007.11.02"]
[EventType "swiss"]
[EventRounds "9"]
[EventCountry "TUR"]
[SourceTitle "CBM 121 Extra"]
[Source "ChessBase"]
[SourceDate "2008.01.10"]
[SourceVersion "1"]
[SourceVersionDate "2008.01.10"]
[SourceQuality "1"]

1. e4 c5 2. Nf3 d6 3. c3 Nf6 4. h3 Nc6 5. Bd3 g6 6. 0-0 Bg7 7. Bc2 0-0 8. a3 c4 9. d4 cxd3 10. Bxd3 Bd7 11. Re1 Rc8 12. Nbd2 a6 13. a4 h6 14. Qe2 Nh5 15. Nf1 Ne5 16. Nxe5 dxe5 17. Be3 Nf4 18. Bxf4 exf4 19. Nd2 Rc5 20. Nf3 Rh5 21. e5 Qc8 22. e6 Bxe6 23. Bxg6 Rc5 24. Be4 Bf6 25. Nd4 Bd7 26. Qf3 Rg5 27. Bxb7 Qc7 28. Be4 Kh8 29. Ne2 Rfg8 30. Qxf4 Qc4 31. h4 Be5 32. Qe3 Rxg2+ 33. Bxg2 Rxg2+ 34. Kxg2 Qc6+ 35. Kf1 Qh1+ 36. Ng1 Bf6 37. Rad1 Qc6 38. Rxd7 Qxd7 39. Qxh6+ Kg8 40. Qf4 Qd3+ 41. Kg2 1-0